| 000 | 00615nam a2200229 i 4500 | ||
|---|---|---|---|
| 001 | 9458 | ||
| 003 | ES-MaACL | ||
| 005 | 20230906145656.0 | ||
| 007 | t| | ||
| 008 | 930913s1992 sp ||||1| spa d | ||
| 020 | _a84-245-0605-7 | ||
| 080 | _a123 | ||
| 100 | 1 |
_aPajón Mecloy, Enrique. _988351 |
|
| 245 | 1 | 3 |
_aEl Ser y la libertad / _cEnrique Pajón Mecloy. |
| 260 |
_aMadrid : _bFundamentos, _cD.L. 1992. |
||
| 300 |
_a182 p. ; _c20 cm. |
||
| 490 | 1 |
_aCiencia ; _v176 |
|
| 650 | 1 | 4 |
_aLibertad. _914400 |
| 830 | 0 |
_aCiencia ; _v176 _9178487 |
|
| 852 |
_aES-MaACL _jL-16941 _bR.121346 |
||
| 999 |
_c9458 _d9458 |
||